| 000 | 00866cam a2200217 i 4500 | ||
|---|---|---|---|
| 005 | 20260126093501.0 | ||
| 008 | 250721s2017 jo gr 000 0 ara d | ||
| 020 | _a9789957594855 | ||
| 082 | 1 | 4 |
_a346.043 _bخ ض ر |
| 100 | 1 |
_aخضره، زكريا _eمؤلف. |
|
| 245 | 1 | 0 |
_aأحكام الحكر في التشريع المدني الاردني وقانون المالكين والمستأجرين رقم (5) لسنة 1964 : _bدراسة مقارنة / _cالمحامي زكريا محمد خضره. |
| 250 | _aالطبعة الأولى. | ||
| 264 | 3 | 1 |
_aعمان : _bدار الجنان للنشر والتوزيع، _c2017. |
| 300 | _a54 صفحة. | ||
| 650 | 1 | 7 | _aالقانون المدني. |
| 650 | 1 | 7 | _aالملكية. |
| 650 | 1 | 7 | _aالممتلكات. |
| 650 | 1 | 7 | _aالأردن. |
| 942 |
_2ddc _cBK |
||
| 999 |
_c137190 _d137190 |
||